000 00643nam a2200193Ia 4500
003 GCL
008 140319s9999 xx 000 0 ara d
040 _aGCL /
_cGCL
082 0 4 _a001.6424
_bر ب
100 1 _aروتزهايم، وليام
245 1 0 _aبرمجة النظام Windows بواسطة ++ Borland C /
_cروتزهايم، وليام
260 _a[S.N] :
_bالدار العربية للعلوم ،
_c1993
300 _a423 ص
490 _a
650 0 4 _aالحاسبات الالكترونية
650 0 4 _aبرنامج ويندوز
650 0 4 _aبرامج الحاسبات الالكترونية
942 _2ddc
_cBK
999 _c47021
_d47021